Statistics for Characters Played by Different Actors #12

Click here to take the quiz!

General Stats

  • This quiz has been taken 101 times
  • The average score is 4 of 20

Answer Stats

Actors Hint Character % Correct
Teri Hatcher; Kate BosworthreporterLois Lane
61%
Neil Patrick Harris; Tom HollandsuperheroSpider-man
50%
Morgan Freeman; Mario van PeeblesactivistMalcolm X
42%
Peter Cushing; James McAvoydoctorDr. Frankentein
38%
David Hasselhoff; Dwayne JohnsonlifeguardMitch Buchannon
37%
Christopher Lambert; Tony GoldwynprimatologistTarzan
32%
Joseph Fiennes; Patrick StewartwriterWilliam Shakespeare
30%
Dennis Quaid; Randy QuaidgunslingerDoc Holliday
29%
Phil LaMarr; Joseph FiennesentertainerMichael Jackson
16%
Adrienne Barbeau; Juliette BinochewitnessMary Magdalene
16%
Verne Troyer; Warwick DavisgoblinGriphook
14%
Charles Dance; Gerard ButlerfreakPhantom of the Opera
14%
Rachel Ward; Sigourney WeaverqueenIsabella
12%
Lance Henrickson; Marlon BrandoinquisitorTomás de Torquemada
9%
Max von Sydow; Christopher Waltzevil geniusErnst Stavro Blofeld
9%
Brian Cox; Danny HustonbigotWilliam Stryker
8%
Tim Curry; Jack NicholsonvillainThe Devil
7%
James McAvoy; Michael FassbenderlordMacBeth
7%
Sarah Brightman; Emmy RossumsingerChristine Daaé
5%
Burt Reynolds; Brian CoxactorMarlon Brando
3%

Score Distribution

Percentile by Number Answered

Percent of People with Each Score

Your Score History

You have not taken this quiz